Statistics for Northamerican Capitals by Flag

Click here to take the quiz!

General Stats

  • This quiz has been taken 6 times
  • The average score is 13 of 36

Answer Stats

Answer% Correct
México-City
83%
Washington D.C.
83%
Basse-Terre
67%
Basseterre
67%
Castries
67%
Kingston
67%
Kingstown
67%
Ottawa
67%
Belmopan
50%
Bridgetown
50%
Guatemala-City
50%
Havanna
50%
Nassau
50%
Panama-City
50%
Port-au-Prince
50%
Roseau
50%
San José
50%
San Salvador
50%
Santo Domingo
50%
St. George’s
50%
St. John’s
50%
Tegucigalpa
50%
Managua
33%
Port of Spain
33%
Charlotte Amalie
0%
Cockburn Town
0%
Fort-de-France
0%
Gustavia
0%
Kralendijk
0%
Oranjestad
0%
Oranjestad
0%
Plymouth
0%
Road Town
0%
The Bottom
0%
The Valley
0%
Willemstad
0%

Score Distribution

Percentile by Number Answered

Percent of People with Each Score

Your Score History

You have not taken this quiz